000 00569nam 22001813 4500
001 201431
010 _a3-925203-27-3
090 _a201431
100 _a20260319d u||y0pory50 ba
200 _aPortuguês contemporâneo
_eantologia e compêndio didáctico
_fMendes Silva
210 _aLisboa
_cTFM, Ferrer de Mesquita
_d1992
215 _a406 p.
_cbrochado
_d24 cm
606 _911269
_aQuestões gerais em linguística e literatura. Filologia
675 _a80
_vPT
_zpor
700 _916928
_aSilva
_bMendes
801 _aPT
_bBMMN
_gRPC
830 _cFernando
_fFernando
990 _cLIVROS